000 01388nam a2200241Ia 4500
999 _c37682
_d37682
001 3655
003 GE_BSU
005 20190625214924.0
008 181216s2008||||ge |||||||||||||| ||geo||
040 _cGE_BSU
041 _ageo
080 _a327.7 ბ–96
100 _aბურკაძე, ხათუნა
_92944
245 _aეს ნატოა /
_b
_cხათუნა ბურკაძე, ანატოლი კორეპანოვი ; წიგნზე მუშაობდნენ: ნანუკა ჟორჟოლიანი და სხვ. ; წინასიტყვ. ჯეიმს აპატურაი ; საინფორმ. ცენტრი ნატოს შესახებ.
264 _aთბილისი :
_c2008.
300 _a99 გვ. ;
_bილ.
_c27 სმ.
653 _aნატო - ჩრდილოატლანტიკური ალიანსი
653 _aსაქართველოსა და ნატოს ურთიერთობა
700 _aკორეპანოვი, ანატოლი
_eავტორი
_92945
700 _aაპატურაი, ჯეიმს და სხვ.
_eწინასიტყვაობა
_92946
710 _aსაინფორმ. ცენტრი ნატოს შესახებ
_92947
942 _cBK
_2udc